| 000 | 01006cam a2200289 a 4500 | ||
|---|---|---|---|
| 005 | 20260322212005.0 | ||
| 008 | data | ||
| 010 | _a 2012029769 | ||
| 020 | _a9780142424247 (pbk.) | ||
| 040 |
_aDLC _cDLC |
||
| 042 |
_apcc _apcc |
||
| 050 | 0 | 0 |
_aPZ7.P94168 _bStr 2013 |
| 082 | 0 | 0 |
_a[Fic] _223 |
| 099 | _aPROBSJ | ||
| 100 | 1 |
_aProbst, Jeff, _d1962- |
|
| 245 | 1 | 0 |
_aStranded / _cJeff Probst & Christopher Tebbetts. |
| 260 |
_aNew York, N.Y. : _bPuffin Books, an imprint of Penguin Group (USA), Inc., _cc2013. |
||
| 300 |
_a176 p. ; _c20 cm. |
||
| 490 | 0 |
_aStranded ; _vbk. 1 |
|
| 520 | _aJane, Buzz, Carter, and Vanessa, aged nine to thirteen, are on a sailing trip in the South Pacific intended to help them bond in their newly-blended family when a massive storm strands them on a deserted island. | ||
| 650 | 1 |
_aSurvival _vFiction. |
|
| 650 | 1 |
_aStepfamilies _vFiction. |
|
| 650 | 1 |
_aShipwrecks _vFiction. |
|
| 651 | 1 |
_aIslands of the Pacific _vFiction. |
|
| 700 | 1 | _aTebbetts, Christopher. | |
| 001 | data | ||
| 999 |
_c71 _d71 |
||